| 000 | 00946nam a22002175i 4500 | ||
|---|---|---|---|
| 001 | 158643 | ||
| 003 | ES-MaACL | ||
| 005 | 20230906211244.0 | ||
| 008 | 020613s1829 sp |||| | spa d | ||
| 040 |
_aNA _bspa _cNA |
||
| 245 | 0 | 0 |
_aManual de las señoritas ó Arte para aprender cuantas habilidades constituyen el verdadero mérito de las mugeres ... / _ctraducido del frances por Maria Ana Poveda. |
| 250 | _a2ª ed. añadida con el arte de lavandera y lavado doméstico. | ||
| 260 |
_aMadrid : _b[s.n.], _c1829 ( _fImprenta de Eusebio Aguado) |
||
| 300 |
_a342, 80 p. ; _c16 cm. |
||
| 510 | 4 |
_aPalau, _c149734 |
|
| 700 | 1 | 1 |
_aPoveda, María Ana. _9131331 |
| 740 | 0 | 1 | _aArte para aprender cuantas habilidades constituyen el verdadero mérito de las mugeres. |
| 752 |
_aEspaña - _dMadrid |
||
| 852 |
_aES-MaACL _jR-1776 _z-- Enc. pasta _x-- Edic.: Contiene [3] h. de lám. pleg. grab. calc. Olim: D-3935 |
||
| 999 |
_c158643 _d158643 |
||